| 000 | 00449nam a2200157 a 4500 | ||
|---|---|---|---|
| 001 | 000047259 | ||
| 005 | 20201002053507.0 | ||
| 008 | 180425s2017 dr a 000 spa d | ||
| 020 | _a9789945195187 | ||
| 040 |
_aDO-SdBNP _bspa _cBNPHU |
||
| 100 | 1 |
_aZazo, Óscar _974968 |
|
| 245 | 3 |
_aLa aventura de Diego y Roko. / _cÓscar Zazo. |
|
| 260 |
_aSanto Domingo : _bLoqueleo, _c2017. |
||
| 300 |
_a116p. : _bil. ; _c21 cm. |
||
| 590 | _aInventariado,2018/DG | ||
| 999 |
_c46747 _d46747 |
||